Statistiques concernant Nommez ces personnes célèbres - Quiz d'images #3

Cliquez ici pour prendre le quiz!

Statistiques générales

  • Ce quiz a été pris 429 fois
  • Le résultat moyen est 6 sur 15

Statistiques - réponses

Réponse% Correct
Angela Merkel
95%
Hillary Clinton
91%
Monica Bellucci
70%
Jackie Chan
64%
Elon Musk
60%
Pierce Brosnan
50%
J. K. Rowling
44%
Hugo Chavez
31%
Kimi Räikkönen
23%
Milla Jovovich
21%
Aung San Suu Kyi
16%
Andy Garcia
14%
Famke Janssen
7%
Femi Kuti
2%
Noriaki Kasai
1%

Distribution des résultats

Percentile par nombre de réponses

% des personnes avec chaque résultat

Votre développement - résultats

Vous n’avez pas pris ce quiz